| 000 -ლიდერი |
| ფიქსირებული სიგრძის საკონტროლო ველი |
01426nam a22002417a 4500 |
| 003 - საკონტროლო ნომრის იდენტიფიკატორი |
| საკონტროლო ველი |
Ge_BSU |
| 005 - ბოლო ოპერაციის თარიღი და დრო |
| საკონტროლო ველი |
20200110101631.0 |
| 008 - ფიქსირებული სიგრძის მონაცემთა ელემენტები - ზოგადი ინფორმაცია |
| ფიქსირებული სიგრძის საკონტროლო ველი |
200110s2009ge xxu||||| |||| 00| 0 geo d |
| 020 ## - წიგნის საერთაშორისო სტანდარტული ნომერი |
| International Standard Book Number |
9789941409677 |
| 041 ## - ენის კოდი |
| Language code of text/sound track or separate title |
geo |
| 080 ## - უნივერსალური ათობითი კლასიფიკაციის ინდექსი |
| Universal Decimal Classification number |
811,.353.1-84(075.8) ქ-27 |
| 245 ## - ცნობა სათაურის შესახებ |
| Title |
ქართული ენის გაკვეთილები = Gurcuce Dersleri : |
| Remainder of title |
1 ნაწილი / |
| Statement of responsibility, etc |
მაია კიკვაძე ; მამია ფაღავა ; ზაზა შაშიკაძე ; და სხვ ; რედ. ლილე თანდილავა. |
| 264 ## - წარმოების, გამოცემის, დისტრიბუციის და სხვა ცნობები |
| გამოცემის, წარმოების, დისტრიბუციის... ადგილი |
ბათუმი : |
| გამოცემის, წარმოების, დისტრიბუციის... სახელწოდება |
შოთა რუსთაველის სახელმწიფო უნ-ტის გამ-ბა, |
| გამოცემის, წარმოების, დისტრიბუციის... თარიღი |
2009. |
| 300 ## - ფიზიკური აღწერა |
| Extent |
84 გვ .: |
| Dimensions |
29 სმ. |
| 653 ## - INDEX TERM--UNCONTROLLED |
| Uncontrolled term |
ქართული ენა |
| 653 ## - INDEX TERM--UNCONTROLLED |
| Uncontrolled term |
უცხოელი სტუდენტებისათვის (თურქ) სტუდენტებთან სამუშაოდ |
| 700 ## - ADDED ENTRY--PERSONAL NAME |
| Personal name |
კიკვაძე,მაია |
| 9 (RLIN) |
6063 |
| 700 ## - ADDED ENTRY--PERSONAL NAME |
| Personal name |
ფაღავა, მამია |
| 9 (RLIN) |
6064 |
| 700 ## - ADDED ENTRY--PERSONAL NAME |
| Personal name |
შაშიკაძე, ზაზა |
| 9 (RLIN) |
6065 |
| 700 ## - ADDED ENTRY--PERSONAL NAME |
| Personal name |
თანდილავა, ლილე |
| Relator term |
რედაქტორი |
| 9 (RLIN) |
5951 |
| 710 ## - ADDED ENTRY--CORPORATE NAME |
| Relator term |
ბათუმის შოთა რუსთაველის სახელმწიფო უნივერსიტეტი |
| 9 (RLIN) |
6066 |
| 942 ## - ADDED ENTRY ELEMENTS (KOHA) |
| Source of classification or shelving scheme |
|
| Koha item type |
წიგნი |